000 00665nam a2200289Ia 4500
005 20260324142008.0
008 008 260324s9999 xx 000 0 eng d
020 _a9780203977057
037 _aEBOOK
040 _aCRL
040 _beng
040 _cCRL
041 _2eng
041 _aeng
084 _qCRL
100 _aTudor Jones
_91210294
245 0 _aRemaking the Labour Party
245 0 _bFrom Gaitskell to Blair
260 _bTaylor and Francis
260 _c1996
365 _a
365 _b230
856 _uhttp://www.taylorfrancis.com/books/9780203977057
942 _cEBOOK
999 _c1813983
_d1813983